[Event "St Petersburg Summer op"]
[Site "St Petersburg"]
[Date "2017.08.24"]
[Round "9"]
[White "Levdansky, Alexey"]
[Black "Shinkevich, Maksim"]
[Result "0-1"]
[WhiteElo "1928"]
[BlackElo "2108"]
[PlyCount "118"]
[EventDate "2017.08.16"]
[EventType "swiss"]
[EventRounds "9"]
[EventCountry "RUS"]
[SourceTitle "CBM 180 Extra"]
[Source "ChessBase"]
[SourceDate "2017.10.06"]
[SourceVersion "1"]
[SourceVersionDate "2017.10.06"]
[SourceQuality "1"]

1. d4 Nf6 2. c4 g6 3. Nf3 Bg7 4. g3 d6 5. Bg2 0-0 6. Nc3 Nbd7 7. 0-0 c6 8. h3 e5 9. e4 Qb6 10. c5 dxc5 11. dxe5 Ne8 12. e6 fxe6 13. Ng5 Ne5 14. f4 Nf7 15. Nxf7 Bd4+ 16. Kh2 Rxf7 17. e5 Nc7 18. Ne4 Nd5 19. Nd6 Rf8 20. h4 Bd7 21. Qg4 Kg7 22. h5 Ne7 23. h6+ Kg8 24. Qg5 Nf5 25. Be4 Qd8 26. Qxd8 Raxd8 27. Bxf5 exf5 28. Nxb7 Rb8 29. Nd6 Be6 30. Rb1 a5 31. b3 a4 32. Bb2 axb3 33. axb3 Bxb3 34. Bxd4 cxd4 35. Rf3 Bd5 36. Rff1 Ba2 37. Rxb8 Rxb8 38. Rd1 c5 39. Kh3 Kf8 40. g4 Bb3 41. Rd2 fxg4+ 42. Kxg4 c4 43. Rxd4 c3 44. Rd3 c2 45. Rc3 Ba4 46. Kg5 Rb1 47. Rc8+ Ke7 48. Rc7+ Ke6 49. Nf7 c1Q 50. Nd8+ Kd5 51. Rxc1 Rxc1 52. Kf6 Rf1 53. Kg7 Rxf4 54. Kxh7 Kxe5 55. Kxg6 Bc2+ 56. Kg7 Rg4+ 57. Kf8 Kf6 58. Nf7 Bh7 59. Ng5 Rxg5 0-1

[Event "St Petersburg Summer op"]
[Site "St Petersburg"]
[Date "2017.08.16"]
[Round "1"]
[White "Shinkevich, Maksim"]
[Black "Kalashnikov, Nikita"]
[Result "1-0"]
[WhiteElo "2108"]
[BlackElo "1569"]
[PlyCount "57"]
[EventDate "2017.08.16"]
[EventType "swiss"]
[EventRounds "9"]
[EventCountry "RUS"]
[SourceTitle "CBM 180 Extra"]
[Source "ChessBase"]
[SourceDate "2017.10.06"]
[SourceVersion "1"]
[SourceVersionDate "2017.10.06"]
[SourceQuality "1"]

1. d4 Nf6 2. c4 g6 3. Nc3 Bg7 4. e4 d6 5. f3 0-0 6. Be3 e5 7. d5 a5 8. Qd2 Na6 9. Nge2 b6 10. 0-0-0 Bd7 11. g4 h5 12. g5 Ne8 13. f4 f5 14. exf5 Bxf5 15. Ng3 Qc8 16. Nxf5 Qxf5 17. Bd3 Qf7 18. Rhf1 exf4 19. Rxf4 Bxc3 20. Qxc3 Qxf4 21. Bxf4 Rxf4 22. Bxg6 Ng7 23. Kb1 Raf8 24. a3 Rf2 25. Qh3 R2f3 26. Qd7 Rf2 27. Re1 Nc5 28. Qxc7 Nd3 29. Bxd3 1-0

[Event "Chigorin Memorial 24th"]
[Site "St Petersburg"]
[Date "2016.10.22"]
[Round "8"]
[White "Shinkevich, Maksim"]
[Black "Pavlov, Mikhail"]
[Result "1-0"]
[WhiteElo "1938"]
[BlackElo "1645"]
[PlyCount "55"]
[EventDate "2016.10.15"]
[EventType "swiss"]
[EventRounds "9"]
[EventCountry "RUS"]
[SourceTitle "CBM 175 Extra"]
[Source "ChessBase"]
[SourceDate "2016.12.12"]
[SourceVersion "1"]
[SourceVersionDate "2016.12.12"]
[SourceQuality "1"]

1. d4 d5 2. c4 c6 3. Nc3 dxc4 4. e3 b5 5. a4 b4 6. Ne4 Qd5 7. Nd2 Ba6 8. Qc2 c3 9. bxc3 Bxf1 10. Kxf1 e6 11. c4 Qd8 12. Ne2 Nf6 13. Bb2 c5 14. Rd1 Qc7 15. Ne4 Nbd7 16. d5 e5 17. N2g3 a5 18. Nxf6+ Nxf6 19. Nf5 0-0-0 20. Qd3 g6 21. d6 Qd7 22. Bxe5 Qe6 23. Bxf6 Qxf6 24. Qd5 Kd7 25. Qb7+ Ke6 26. Qd5+ Kd7 27. Ng3 Bxd6 28. Ne4 1-0

[Event "Chigorin Memorial 24th"]
[Site "St Petersburg"]
[Date "2016.10.20"]
[Round "6"]
[White "Shinkevich, Maksim"]
[Black "Obgolts, Erik"]
[Result "0-1"]
[WhiteElo "1938"]
[BlackElo "2217"]
[PlyCount "54"]
[EventDate "2016.10.15"]
[EventType "swiss"]
[EventRounds "9"]
[EventCountry "RUS"]
[SourceTitle "CBM 175 Extra"]
[Source "ChessBase"]
[SourceDate "2016.12.12"]
[SourceVersion "1"]
[SourceVersionDate "2016.12.12"]
[SourceQuality "1"]

1. d4 Nf6 2. c4 g6 3. Nc3 Bg7 4. e4 d6 5. f3 0-0 6. Be3 Na6 7. Qd2 c5 8. d5 Nc7 9. Nge2 b5 10. cxb5 a6 11. b6 Nb5 12. Rb1 Nd7 13. Nxb5 axb5 14. b4 Nxb6 15. bxc5 Nc4 16. Qd3 Qa5+ 17. Kf2 Nxe3 18. Qxe3 Qxa2 19. Rxb5 Ba6 20. Rb6 dxc5 21. Qxc5 Qa1 22. Rxa6 Rxa6 23. Qxe7 Ra2 24. d6 Bd4+ 25. Kg3 Bf6 26. Qc7 Rxe2 27. Bxe2 Qxh1 0-1

[Event "Chigorin Memorial 24th"]
[Site "St Petersburg"]
[Date "2016.10.18"]
[Round "4"]
[White "Anchutin, Nikita"]
[Black "Shinkevich, Maksim"]
[Result "1/2-1/2"]
[WhiteElo "2198"]
[BlackElo "1938"]
[PlyCount "143"]
[EventDate "2016.10.15"]
[EventType "swiss"]
[EventRounds "9"]
[EventCountry "RUS"]
[SourceTitle "CBM 175 Extra"]
[Source "ChessBase"]
[SourceDate "2016.12.12"]
[SourceVersion "1"]
[SourceVersionDate "2016.12.12"]
[SourceQuality "1"]

1. d4 Nf6 2. Nf3 g6 3. g3 Bg7 4. Bg2 0-0 5. c4 d6 6. 0-0 Nbd7 7. Nc3 e5 8. e4 c6 9. h3 a6 10. a4 b6 11. Be3 Ne8 12. Qd2 Qc7 13. Rad1 exd4 14. Nxd4 Ne5 15. Qe2 Be6 16. Nxe6 fxe6 17. f4 Nd7 18. h4 Nc5 19. h5 Rc8 20. hxg6 hxg6 21. Qg4 Qf7 22. e5 Qf5 23. Qxf5 gxf5 24. exd6 Nd7 25. Bd4 Nef6 26. Rfe1 Kf7 27. Na2 Rg8 28. Bf3 Bf8 29. Kg2 Rg6 30. Bc3 Bh6 31. Kf2 Ng4+ 32. Bxg4 Rxg4 33. Rh1 Rg6 34. b4 c5 35. b5 axb5 36. cxb5 Ra8 37. a5 bxa5 38. Rb1 Nb6 39. Be5 Ke8 40. Rhc1 Nd7 41. b6 Nxe5 42. fxe5 Bxc1 43. Nxc1 Rg4 44. Nd3 Rc4 45. Rh1 Kd7 46. Nf4 Re4 47. Nd3 Kc6 48. b7 Rb8 49. d7 c4 50. Rd1 Rd8 51. Nf4 Rxf4+ 52. gxf4 Kxb7 53. Rd4 c3 54. Ke3 Kc6 55. Rc4+ Kxd7 56. Rxc3 Rh8 57. Rc5 a4 58. Ra5 Rh3+ 59. Kd4 Rf3 60. Kc5 a3 61. Ra7+ Kc8 62. Kd6 Rxf4 63. Rxa3 Re4 64. Kxe6 f4 65. Ra8+ Kb7 66. Rf8 Kc6 67. Rc8+ Kb7 68. Rc1 f3 69. Kf5 Re2 70. e6 f2 71. Rf1 Kc6 72. Rd1 1/2-1/2

[Event "RUS-chT U18"]
[Site "St Petersburg"]
[Date "2015.08.06"]
[Round "6.39"]
[White "Shinkevich, Maksim"]
[Black "Kolmagorov, Alexey"]
[Result "0-1"]
[WhiteElo "1987"]
[BlackElo "1992"]
[PlyCount "133"]
[EventDate "2015.08.01"]
[EventType "team-swiss"]
[EventRounds "9"]
[EventCountry "RUS"]
[SourceTitle "CBM 167 Extra"]
[Source "ChessBase"]
[SourceDate "2015.09.14"]
[SourceVersion "1"]
[SourceVersionDate "2015.09.14"]
[SourceQuality "1"]
[WhiteTeam "SDYuSShOR SS III"]
[BlackTeam "Teis Youth"]
[WhiteTeamCountry "RUS"]
[BlackTeamCountry "RUS"]

1. d4 Nf6 2. c4 c5 3. d5 b5 4. cxb5 a6 5. b6 g6 6. Nc3 Qxb6 7. e4 d6 8. Nf3 Nbd7 9. Be2 Bg7 10. 0-0 0-0 11. a4 a5 12. Qc2 h6 13. Nd2 Ne8 14. Nc4 Qb8 15. Bd2 Nb6 16. Ra3 Nxc4 17. Bxc4 Bd7 18. Bb5 Qc8 19. Nd1 Nc7 20. Bxd7 Qxd7 21. Rh3 h5 22. Ne3 Rfb8 23. Nc4 Na6 24. Bxa5 Nb4 25. Bxb4 Qxa4 26. b3 Qxb4 27. Qe2 Qb5 28. Rd3 Bd4 29. Rg3 Kh7 30. Qf3 Rf8 31. h3 Ra2 32. Qf4 Re2 33. Rf3 Kg7 34. g4 hxg4 35. Qxg4 Ra2 36. h4 Rh8 37. Qf4 Qe8 38. e5 dxe5 39. Nxe5 Bxe5 40. Qxe5+ f6 41. Qe4 Rh5 42. d6 Ra7 43. Rd1 Re5 44. Qg4 exd6 45. Rxd6 Re1+ 46. Kg2 f5 47. Rxf5 Raa1 48. Kf3 Qe2+ 49. Kf4 Qxg4+ 50. Kxg4 gxf5+ 51. Kxf5 Ra7 52. Rg6+ Kh7 53. Rc6 Rf7+ 54. Kg4 Rg1+ 55. Kh3 Rxf2 56. Rxc5 Rg7 57. Rc3 Rf4 58. Rd3 Rb4 59. Rc3 Rgb7 60. Rc6 Rxb3+ 61. Kg4 Rg7+ 62. Kf4 Rb4+ 63. Ke5 Rxh4 64. Rc1 Ra7 65. Kf6 Rh5 66. Rf1 Ra6+ 67. Kf7 0-1

[Event "Chigorin Memorial 22nd"]
[Site "St Petersburg"]
[Date "2014.10.25"]
[Round "8"]
[White "Mamatov, Melis"]
[Black "Shinkevich, Maksim"]
[Result "1-0"]
[WhiteElo "2191"]
[BlackElo "1825"]
[PlyCount "109"]
[EventDate "2014.10.18"]
[EventType "swiss"]
[EventRounds "9"]
[EventCountry "RUS"]
[SourceTitle "EXT 2015"]
[Source "ChessBase"]
[SourceDate "2014.11.20"]
[SourceVersion "1"]
[SourceVersionDate "2014.11.20"]
[SourceQuality "1"]

1. c4 e5 2. Nc3 Nc6 3. g3 d6 4. Bg2 g6 5. a3 a5 6. b3 Bg7 7. Bb2 f5 8. e3 e4 9. d3 exd3 10. Qxd3 Ne5 11. Qd2 Nf6 12. Nge2 0-0 13. 0-0 Nfd7 14. Qc2 c6 15. Rad1 Qe7 16. h3 Nc5 17. Rfe1 Be6 18. Kh2 a4 19. Nxa4 Nxa4 20. Bxe5 dxe5 21. bxa4 Qxa3 22. Ra1 Qc5 23. Rec1 f4 24. gxf4 exf4 25. Nd4 Bxd4 26. exd4 Qxd4 27. Qe4 Qxe4 28. Bxe4 Rad8 29. c5 Rd4 30. Re1 Bc4 31. Kg2 Re8 32. Bf3 Rxe1 33. Rxe1 Kf7 34. h4 Ba6 35. Re4 Rc4 36. Kh3 h5 37. Kg2 Kf6 38. Rxc4 Bxc4 39. Be4 g5 40. Kf3 Bb3 41. a5 Bd1+ 42. Kg2 Be2 43. Kh3 g4+ 44. Kh2 Bc4 45. Kg2 Bf7 46. Bxc6 Ke7 47. Bxb7 Kd7 48. a6 Kc7 49. Be4 Kb8 50. c6 Be6 51. c7+ Ka7 52. Bb7 Kb6 53. c8Q Bxc8 54. Bxc8 Ka7 55. Bxg4 1-0

[Event "Chigorin Memorial 22nd"]
[Site "St Petersburg"]
[Date "2014.10.20"]
[Round "3"]
[White "Shinkevich, Maksim"]
[Black "Androsov, Sergey"]
[Result "1/2-1/2"]
[WhiteElo "1825"]
[BlackElo "2059"]
[PlyCount "159"]
[EventDate "2014.10.18"]
[EventType "swiss"]
[EventRounds "9"]
[EventCountry "RUS"]
[SourceTitle "EXT 2015"]
[Source "ChessBase"]
[SourceDate "2014.11.20"]
[SourceVersion "1"]
[SourceVersionDate "2014.11.20"]
[SourceQuality "1"]

1. d4 Nf6 2. c4 e6 3. Nf3 d5 4. Nc3 c6 5. e3 Nbd7 6. Qc2 Bd6 7. Bd2 0-0 8. Bd3 Re8 9. cxd5 exd5 10. 0-0 Nf8 11. Rab1 Bg4 12. Ne1 Qe7 13. f3 Bh5 14. e4 Bc7 15. e5 N6d7 16. Nxd5 cxd5 17. Qxc7 Ne6 18. Qxb7 Nxd4 19. Bc3 Ne6 20. Qxd5 Nf4 21. Qd4 Qc5 22. g3 Qxd4+ 23. Bxd4 Nxd3 24. Nxd3 Bg6 25. Rbd1 Bxd3 26. Rxd3 Nxe5 27. Bxe5 Rxe5 28. Rd7 Rb5 29. Rfd1 g6 30. R1d2 Kg7 31. Kf2 a5 32. Ke2 a4 33. R7d3 Rab8 34. Ra3 Rb4 35. Kd1 h5 36. Kc1 h4 37. Rc3 hxg3 38. hxg3 Kf6 39. a3 R4b6 40. Rc4 Rh8 41. Rxa4 Rh1+ 42. Kc2 Rc6+ 43. Kb3 Rg1 44. g4 Kg5 45. Rc4 Re6 46. a4 f5 47. gxf5 gxf5 48. Rd3 Rb6+ 49. Rb4 Ra6 50. Kc4 Ra1 51. b3 Rc1+ 52. Kb5 Ra8 53. Rc4 Rb8+ 54. Ka5 Re1 55. b4 Ra8+ 56. Kb5 Rb8+ 57. Ka5 Ra8+ 58. Kb6 Rxa4 59. Rd6 Re8 60. Kb5 Ra3 61. f4+ Kg4 62. Kc5 Rc8+ 63. Rc6 Rb8 64. b5 Rb3 65. b6 Rb7 66. Rd4 Rb1 67. Ra4 Rc1+ 68. Kb5 Rb1+ 69. Ka6 Rb8 70. Ka7 Re8 71. b7 Re4 72. Rxe4 fxe4 73. Rb6 Ra1+ 74. Kb8 e3 75. Rb2 Rh1 76. Kc7 Rh7+ 77. Kd6 Rxb7 78. Rxb7 Kxf4 79. Kd5 e2 80. Rb1 1/2-1/2